[Event "Challenge"]
[Site "http://www.queenalice.com/game.php?id=269355"]
[Date "2007.9.10"]
[Round "-"]
[White "ed_is_great"]
[Black "lrmaster"]
[Result "1-0"]
[WhiteElo "1415"]
[BlackElo "1500"]

1. e4 e5 2. Nf3 Nc6 3. Bc4 d6 4. Nc3 Na5 5. b3 Nxc4 6. bxc4 Be6 7. h4 Bxc4 8.
Rh3 Be6 9. Rg3 g6 10. Ng5 Bc4 11. Qf3 h6 12. d3 Ba6 13. Qxf7# 1-0

[Event "Challenge"]
[Site "http://www.queenalice.com/game.php?id=269356"]
[Date "2007.9.10"]
[Round "-"]
[White "ed_is_great"]
[Black "eldalai"]
[Result "0-1"]
[WhiteElo "1626"]
[BlackElo "1431"]

1. e4 e5 2. Bc4 Nf6 3. Nf3 d5 4. exd5 Nxd5 5. Nxe5 f6 6. Nd3 Nb6 7. Qe2+ Qe7 8.
b3 Qxe2+ 9. Kxe2 Nxc4 10. bxc4 Nc6 11. Re1 Bf5 12. Nc3 Nd4+ 13. Kd1+ Kf7 14. Rb1
b6 15. Rb4 c5 16. Ra4 Bd6 17. Nd5 a5 18. Nxb6 Ra6 19. Nd5 Bg4+ 20. f3 Bd7 21.
Ra3 Bf5 22. Ne3 Bd7 23. c3 Nc6 24. Rb3 a4 25. Rb7 Ra7 26. Rxa7 Nxa7 27. Ba3 Rb8
28. Nxc5 Bxc5 29. Bxc5 Nc6 30. Nf5 Bxf5 31. d4 Rb2 32. d5 Ne5 33. Bd6 Nd3 34.
Re7+ Kg6 35. c5 Rxa2 36. c6 Nf2+ 37. Ke1 Nd3+ 0-1

[Event "Challenge"]
[Site "http://www.queenalice.com/game.php?id=270564"]
[Date "2007.9.12"]
[Round "-"]
[White "Vitocknick"]
[Black "ed_is_great"]
[Result "0-1"]
[WhiteElo "1338"]
[BlackElo "1597"]

1. e3 d5 2. g3 h5 3. b3 Bf5 4. Bd3 d4 5. Bxf5 dxe3 6. fxe3 Qd5 7. Qf3 Qe5 8. d4
Qa5+ 9. Bd2 Qb6 10. Nc3 g6 11. Bd3 Nc6 12. Bb5 Nf6 13. Bxc6+ bxc6 14. d5 Bh6 15.
dxc6 Rd8 16. O-O-O Rd6 17. Na4 Qa6 18. Bb4 Rxd1+ 19. Qxd1 Qxc6 20. Nf3 Bxe3+ 21.
Kb1 Ne4 22. Qe2 Bf2 23. c4 O-O 24. Ne5 Nc3+ 25. Bxc3 Qxh1+ 26. Kb2 Qxh2 27. Nd7
Rd8 28. Qd2 h4 29. Qh6 Be3+ 30. Ka3 Bxh6 31. Ne5 Bc1+ 32. Kb4 Qxa2 33. Nc6 Qa3+
34. Ka5 Rd3 35. Nxe7+ Kh7 36. Bb4 Qxb3 37. Nc5 Qxc4 38. Nxd3 Qxd3 39. Nc6 Qd5+
40. Ka4 Qxc6+ 41. Kb3 hxg3 42. Ba3 Qf3+ 43. Kc2 Qxa3 44. Kd1 g2 45. Kc2 g1=Q 46.
Kb1 Qb2# 0-1

[Event "Let's Play Chess!"]
[Site "http://www.queenalice.com/game.php?id=275759"]
[Date "2007.9.22"]
[Round "-"]
[White "ed_is_great"]
[Black "spawnwolfwolverine"]
[Result "1-0"]
[WhiteElo "1543"]
[BlackElo "1577"]

1. e4 e5 2. Bc4 c5 3. Qf3 Nf6 4. g4 g5 5. d3 h6 6. Nc3 Bg7 7. Nh3 a6 8. Be3 d6
9. a4 Qe7 10. a5 Be6 11. Ra4 b5 12. axb6 Bxc4 13. dxc4 O-O 14. Nd5 Nxd5 15. exd5
Nd7 16. b4 Nxb6 17. Ra2 Nxc4 18. bxc5 Nxe3 19. cxd6 Nxc2+ 20. Rxc2 Qxd6 21. O-O
a5 22. Rc6 Qb4 23. d6 f6 24. Rfc1 a4 25. d7 Qd4 26. Rc8 Qxd7 27. Qxa8 Rxc8 28.
Rxc8+ Kh7 29. f3 a3 30. Rc1 f5 31. gxf5 Qxf5 32. Kg2 g4 33. Ng1 gxf3+ 34. Nxf3
Qg4+ 35. Kh1 e4 36. Rg1 Qxf3+ 37. Rg2 h5 38. Qb7 a2 39. Qxg7# 1-0

[Event "Challenge"]
[Site "http://www.queenalice.com/game.php?id=278520"]
[Date "2007.9.28"]
[Round "-"]
[White "ed_is_great"]
[Black "NickThorp"]
[Result "0-1"]
[WhiteElo "1646"]
[BlackElo "1829"]

1. e4 e5 2. Nf3 Nc6 3. Nc3 Nf6 4. Bc4 Bc5 5. O-O O-O 6. Nh4 Nxe4 7. g3 Nxf2 8.
Qe2 Nh3+ 9. Kg2 d6 10. Bd3 g6 11. g4 Qxh4 12. Kh1 Bxg4 13. Qe4 Nf2+ 14. Rxf2
Qxf2 15. Qxg4 f5 16. Bc4+ Kg7 17. Qg5 h6 18. Qg2 Qxg2+ 19. Kxg2 Nd4 20. d3 Nxc2
21. Rb1 Be3 22. Bxe3 Nxe3+ 23. Kh1 Nxc4 24. Nd5 Rf7 25. dxc4 c6 26. Nc3 f4 27.
Ne4 Rd8 28. a4 f3 29. Nf2 Rf4 30. b4 Rxc4 31. a5 e4 32. b5 e3 33. Nh3 e2 34. Kg1
Re4 35. Nf2 e1=Q+ 36. Rxe1 Rxe1# 0-1

[Event "Challenge"]
[Site "http://www.queenalice.com/game.php?id=278523"]
[Date "2007.9.28"]
[Round "-"]
[White "ed_is_great"]
[Black "wbj07"]
[Result "0-1"]
[WhiteElo "1643"]
[BlackElo "1498"]

1. Nc3 d5 2. e4 d4 3. Nd5 e5 4. Nf3 c6 5. Nb4 Bxb4 6. Nxe5 Qe7 7. Nd3 Qxe4+ 8.
Be2 Bd6 9. f3 Qg6 10. h4 Qxg2 11. Rf1 Bg3+ 12. Nf2 Nf6 13. d3 O-O 14. Kd2 Bxf2
15. b4 Be3+ 16. Ke1 Qg3+ 17. Rf2 Qxf2# 0-1

[Event "AUTO-OPEN-851"]
[Site "http://www.queenalice.com/game.php?id=280171"]
[Date "2007.10.2"]
[Round "1"]
[White "Parma"]
[Black "ed_is_great"]
[Result "1-0"]
[WhiteElo "1967"]
[BlackElo "1593"]

1. d4 g6 2. e4 f5 3. e5 Nc6 4. f4 e6 5. Nf3 d5 6. Bb5 a6 7. Bxc6+ bxc6 8. O-O
Nh6 9. c4 dxc4 10. Nc3 Ng4 11. Qa4 Bd7 12. Qxc4 Rb8 13. Qxa6 Rb6 14. Qc4 Bh6 15.
h3 Bxf4 16. Bxf4 g5 17. Bxg5 Qb8 18. hxg4 Rg8 19. Bh4 Rxg4 20. g3 Rxb2 21. Rfb1
f4 22. Qc5 Rg7 23. Qa3 Rb6 24. Rxb6 Qxb6 25. Rb1 Qxb1+ 26. Nxb1 fxg3 27. Kg2 c5
28. Qxc5 h5 29. Nbd2 1-0

[Event "AUTO-OPEN-851"]
[Site "http://www.queenalice.com/game.php?id=280172"]
[Date "2007.10.2"]
[Round "1"]
[White "ed_is_great"]
[Black "Parma"]
[Result "0-1"]
[WhiteElo "1631"]
[BlackElo "1942"]

1. e4 c5 2. Bc4 e6 3. Qf3 Nc6 4. Nh3 Ne5 5. Qf4 Nxc4 6. Ng5 f6 7. Nh3 d5 8. exd5
Qxd5 9. b3 Qxg2 10. Rf1 Nxd2 11. Bxd2 Qxh3 12. Nc3 e5 13. Qa4+ Bd7 14. Qa5 b6
15. Qa6 Bc8 16. Qb5+ Qd7 17. Qe2 a5 18. f4 Ba6 19. Qe4 Bb7 20. Qe3 Bd6 21. fxe5
Bxe5 22. O-O-O Qc7 23. Nb5 Qe7 24. h4 Bc6 25. a4 Bxb5 26. axb5 Nh6 27. Qd3 Rd8
28. Qe4 Rxd2 29. Rxd2 Bb2+ 30. Kxb2 Qxe4 31. Rfd1 O-O 32. h5 Qe5+ 33. c3 Qxh5
34. c4 Ng4 35. Rd6 Rb8 0-1

[Event "AUTO-OPEN-851"]
[Site "http://www.queenalice.com/game.php?id=280197"]
[Date "2007.10.2"]
[Round "1"]
[White "michas"]
[Black "ed_is_great"]
[Result "1-0"]
[WhiteElo "1697"]
[BlackElo "1591"]

1. h4 d6 2. h5 e5 3. h6 Nxh6 4. d4 exd4 5. Bxh6 gxh6 6. Qxd4 Rg8 7. Nc3 Nc6 8.
Qe4+ Be6 9. Qxh7 f5 10. e4 Qf6 11. Qxc7 fxe4 12. Qxb7 Rc8 13. Nxe4 Qf4 14. f3 d5
15. Ne2 Qe3 16. Nf6+ Kd8 17. Nxg8 Nd4 18. c3 Nc2+ 19. Kd1 Nxa1 20. Nf6 Qd3+ 21.
Ke1 Nc2+ 22. Kf2 Bc5+ 23. Kg3 Qg6+ 24. Ng4 Bd6+ 25. Nf4 Qf5 26. Rxh6 Qxf4+ 27.
Kf2 1-0

[Event "AUTO-OPEN-851"]
[Site "http://www.queenalice.com/game.php?id=280198"]
[Date "2007.10.2"]
[Round "1"]
[White "ed_is_great"]
[Black "michas"]
[Result "0-1"]
[WhiteElo "1574"]
[BlackElo "1709"]

1. e4 a6 2. Bc4 b5 3. Bb3 c5 4. Qf3 e6 5. e5 Nc6 6. c4 Bb7 7. cxb5 Na5 8. Qf4
Bxg2 9. f3 Bxh1 10. h3 Nxb3 11. axb3 axb5 12. Rxa8 Qxa8 13. Na3 Qa5 14. Qh2 Bxf3
15. Nxf3 b4 16. Nc4 Qa1 17. Kd1 Be7 18. Nd6+ Bxd6 19. exd6 Nf6 20. Qf2 Ne4 21.
Qh4 Nxd6 22. Ne5 Qa6 23. Qf2 f6 24. Nc4 Ne4 25. Qf3 f5 26. Qh5+ g6 0-1

[Event "AUTO-OPEN-851"]
[Site "http://www.queenalice.com/game.php?id=280215"]
[Date "2007.10.2"]
[Round "1"]
[White "ed_is_great"]
[Black "chvalentino"]
[Result "0-1"]
[WhiteElo "1560"]
[BlackElo "1431"]

1. e4 Nc6 2. Bc4 Ne5 3. Bb3 Nf6 4. Nf3 d6 5. Nc3 Bg4 6. h3 Bh5 7. g4 Nfxg4 8.
hxg4 Bxg4 9. d4 Nxf3+ 10. Kf1 Nh2+ 11. Rxh2 Bxd1 12. Nxd1 e5 13. dxe5 dxe5 14.
Be3 c6 15. Nc3 Qf6 16. Rd1 Rd8 17. Re1 Bc5 18. Bxc5 Rd2 19. Bxa7 O-O 20. Nb1 Rd4
21. Bxd4 exd4 22. e5 Qf5 23. Nd2 Re8 24. e6 fxe6 25. Ne4 Qf4 26. Rg2 b6 0-1

[Event "AUTO-OPEN-851"]
[Site "http://www.queenalice.com/game.php?id=280216"]
[Date "2007.10.2"]
[Round "1"]
[White "chvalentino"]
[Black "ed_is_great"]
[Result "1-0"]
[WhiteElo "1459"]
[BlackElo "1534"]

1. e4 e5 2. Nf3 d6 3. Bb5+ Nc6 4. d4 a6 5. Ba4 b5 6. Bb3 Bg4 7. Bg5 Nxd4 8. Bxd8
Rxd8 9. Bd5 Nf6 10. Qd3 h6 11. Nh4 Rc8 12. h3 c6 13. Qc3 cxd5 14. Qxc8+ Bxc8 15.
Nc3 Nxc2+ 16. Kd2 Nxa1 17. Rxa1 dxe4 18. Nf5 Bxf5 19. Re1 d5 20. Re3 d4 21. Rg3
dxc3+ 22. bxc3 b4 23. cxb4 e3+ 24. Rxe3 Bxb4+ 25. Ke2 Bd6 26. f3 g5 27. g4 Bc2
28. Kd2 1-0